000 00653nam a2200289Ia 4500
005 20260324122547.0
008 008 260324s9999 xx 000 0 eng d
020 _a9780429502392
037 _aEBOOK
040 _aCRL
040 _beng
040 _cCRL
041 _2eng
041 _aeng
084 _qCRL
100 _aChristine Lunardini
_91166920
245 0 _aAlice Paul
245 0 _bEquality for Women
260 _bTaylor and Francis
260 _c2013
365 _a
365 _b230
856 _uhttp://www.taylorfrancis.com/books/9780429502392
942 _cEBOOK
999 _c1759758
_d1759758